000 00209nam a22000977a 4500
999 _c16167
_d16167
003 OSt
008 200612b ||||| |||| 00| 0 eng d
100 _aKahlil Gibran
_94588
245 _aSand And Foam
942 _cBK